Aprovechamiento en irrigación de las aguas de la Quebrada Quelital

Sparad:
Bibliografiska uppgifter
Huvudupphovsman: Rojas A, Luis Guillermo
Materialtyp: Bok
Publicerad: [San José , Costa Rica] 1985
Ämnen:
Taggar: Lägg till en tagg
Inga taggar, Lägg till första taggen!

MARC

LEADER 00000nam a2200000Ia 4500
003 002739
005 20221231144406.0
008 140114s1985 cr a m 000 ||s d
040 |c cru CEDI 
090 |a TFG 1634 
100 |a Rojas A, Luis Guillermo   |9 14683 
245 |a Aprovechamiento en irrigación de las aguas de la Quebrada Quelital 
260 |c 1985  |a [San José , Costa Rica] 
300 |a  [98] hojas : ilustraciones (1 plegables).  
500 |a Proyecto de graduación (ingeniero civil)--Universidad de Costa Rica.Facultad de Ingeniería. Escuela de Ingeniería Civil 
650 |x RIEGO - PALMIRA (ALFARO RUIZ, ALAJUELA, COSTA RICA)  |9 14684 
942 |c TFG 
999 |c 21187  |d 21187